Spectroscopic astrophysics ; an assessment of the contributions of Otto Struve /
Guardado en:
| Otros Autores: | , |
|---|---|
| Formato: | Libro |
| Idioma: | English |
| Publicado: |
Berkeley :
University of California Press,
1970.
|
| Materias: | |
| Etiquetas: |
Agregar Etiqueta
Sin Etiquetas, Sea el primero en etiquetar este registro!
|
| LEADER | 00790cam a2200229 a 4500 | ||
|---|---|---|---|
| 001 | MAT.inmabb006179 | ||
| 008 | 700709s1970####cauac####b####011#0#engs# | ||
| 005 | 20170515151848.0 | ||
| 245 | 0 | 0 | |a Spectroscopic astrophysics ; |b an assessment of the contributions of Otto Struve / |c Edited by G. H. Herbig. |
| 260 | |a Berkeley : |b University of California Press, |c 1970. | ||
| 300 | |a ix, 462 p. : |b il., retr. ; |c 26 cm. | ||
| 504 | |a Incluye referencias bibliográficas. | ||
| 510 | 4 | |a MR, |c *REVIEW #* | |
| 020 | |a 0520014103 | ||
| 700 | 1 | |a Herbig, G. H. |q (George H.) |4 edt | |
| 700 | 1 | |a Struve, Otto, |d 1897-1963. | |
| 650 | 0 | |a Astrophysics. | |
| 600 | 1 | 0 | |a Struve, Otto, |d 1897-1963. |
| 084 | |a 85 |2 MR | ||
| 010 | |a 69015939 | ||
| 040 | |a DLC |c DLC |d ICU |d DLC | ||
| 859 | |h 85 |i Sp741 |p A-5887 |b BIB. MATEMATICA | ||
